Príprava odborníkov v oblasti informačných technológií
Podstatou rozvoja spracovania informácií v oblasti financií, bankovníctva a investovania je uplatnenie moderných informačných systémov. Jedným z prístupov k riešeniu týchto problémov je vytvorenie nového študijného odboru informačné technológie, na Fakulte financií Univerzity Mateja Bela v Banskej B...
Gespeichert in:
| 1. Verfasser: | |
|---|---|
| Weitere Verfasser: | |
| Format: | Buchkapitel |
| Sprache: | Slowakisch |
| Schlagworte: | |
| Tags: |
Keine Tags, Fügen Sie das erste Tag hinzu!
|
MARC
| LEADER | 00000naa a2200000 4500 | ||
|---|---|---|---|
| 001 | r032813 | ||
| 005 | 20221207123718.0 | ||
| 041 | 0 | |a slo | |
| 044 | |a SK | ||
| 245 | 1 | 0 | |a Príprava odborníkov v oblasti informačných technológií |c Igor Mokriš, Ivan Kolenka |
| 520 | |a Podstatou rozvoja spracovania informácií v oblasti financií, bankovníctva a investovania je uplatnenie moderných informačných systémov. Jedným z prístupov k riešeniu týchto problémov je vytvorenie nového študijného odboru informačné technológie, na Fakulte financií Univerzity Mateja Bela v Banskej Bystrici, ktorý vychádza z výučby aplikovanej informatiky pre potreby finančnej praxe. Rozvoj študijného a koncepcia vedného odboru. | ||
| 610 | 2 | 0 | |a technológie informačné |
| 610 | 2 | 0 | |a odbory študijné |
| 610 | 2 | 0 | |a školy vysoké |
| 610 | 2 | 0 | |a UMB Banská Bystrica |
| 610 | 2 | 0 | |a Slovensko |
| 100 | 1 | |a Mokriš, Igor | |
| 700 | 1 | |a Kolenka, Ivan | |